| 000 | 01250cam a22003735i 4500 | ||
|---|---|---|---|
| 001 | 014708598 | ||
| 003 | EG-ScBUE | ||
| 005 | 20230103092731.0 | ||
| 008 | 080425r19891975nyua f 000 0 eng d | ||
| 020 | _a9781590306192 | ||
| 020 | _a1590306198 (pbk.) | ||
| 040 |
_aStDuBDS _beng _erda _cStDuBDS _dUk _dEG-ScBUE |
||
| 041 | 1 |
_aeng _hjpn |
|
| 043 | _aa-ja--- | ||
| 082 | 0 | 4 |
_a745.54 _222 _bOKA |
| 100 | 1 |
_aOka, Hideyuki, _d1905-1995, _eauthor. |
|
| 240 | 1 | 0 |
_aKokoro no zōkei. _lEnglish |
| 245 | 1 | 0 |
_aHow to wrap five eggs : _btraditional Japanese packaging / _cby Hideyuki Oka ; with photographs by Michikazu Sakai. |
| 250 | _aEighth printing. | ||
| 264 | 1 |
_aNew York ; _aTokyo ; _bWeatherhill, _c1989. |
|
| 300 |
_a215 pages : _billustrations ; _c26 cm |
||
| 546 | _aText in English, translated from the original Japanese. | ||
| 650 | 7 |
_aGift wrapping. _2BUEsh |
|
| 650 | 7 |
_aPackaging. _2BUEsh |
|
| 650 | 7 |
_aDecoration and ornament _zJapan. _2BUEsh |
|
| 650 | 7 |
_aFood _xPackaging. _2BUEsh |
|
| 651 | _2BUEsh | ||
| 653 |
_bGGEN _cDecember2017 |
||
| 655 | _vReading book | ||
| 700 | 1 |
_aSakai, Michikazu, _ephotographer. |
|
| 942 |
_2ddc _cBB |
||
| 999 |
_c25769 _d25741 |
||